000 00516nam a22002177a 4500
003 UA-OsUOA
001 34904
007 ta
008 20051031b un ||||| |||| 00| 0 ukr d
090 _a090.1
_bА55
942 _cBK
040 _aUA-OsUOA
_brus
_cUA-OsUOA
_dUA-OsUOA
245 _aАльманах библиофила
300 _a312 с.
955 _a2
041 _arus
080 _a090.1
260 _aМ.
_bКнига
_c1985
650 7 _a0 Загальний відділ.
_2UDC
999 _c321331
_d321331